| 000 | 01682nam0a2200337 4500 | ||
|---|---|---|---|
| 001 | RU\NLR\bibl\35962 | ||
| 005 | 20260406221019.0 | ||
| 010 |
_a5-230-06932-5 _9500 |
||
| 021 |
_aRU _b98-3262 _9157 |
||
| 035 | _a(NLR Aleph) 000035056 | ||
| 090 |
_a179016 _c179016 |
||
| 100 | _a19990630d1997 |||y0rusy50 ca | ||
| 101 | 0 | _arus | |
| 102 | _aRU | ||
| 105 | _ay g ||||| | ||
| 200 | 1 |
_aИстория современной неоклассической экономической теории _eУчеб.-темат. слов.-справ. _fМ-во общ. и проф. образования Рос. Федерации, Краснояр. гос. архит.-строит. акад. _g[Сост.В.С. Задунов] |
|
| 210 |
_aКрасноярск _cКрасГАСА _d1997 |
||
| 215 |
_a83 с. _d21 |
||
| 300 | _aЗагл. обл.: История современной неоклассической теории | ||
| 512 | 0 | _aИстория современной неоклассической теории | |
| 606 | 0 |
_aПолитическая экономия _jСправочники _xНеоклассические теории _92118763 _3RU\NLR\auth\661279683 |
|
| 686 | _aУ02(0)я2 | ||
| 702 | 1 |
_aЗадунов _bВ. С. _gВасилий Степанович _4220 |
|
| 712 | 0 | 2 |
_4570 _aКрасноярская государственная архитектурно-строительная академия _3RU\NLR\AUTH\889975630 _9448108 |
| 801 | 0 |
_aRU _bNLR _c19990630 _gPSBO |
|
| 801 | 1 |
_aRU _bNLR _c19990630 |
|
| 852 |
_aNLR _j99-4/3280 |
||
| 942 | _cBOOK | ||
| 980 | _aNB | ||